<?xml version="1.0" encoding="UTF-8"?>
<collection xmlns="http://www.loc.gov/MARC21/slim">
    <record>
        <controlfield tag="001">71071</controlfield>
        <controlfield tag="005">20180702090127.0</controlfield>
        <datafield tag="024" ind1="7" ind2=" ">
            <subfield code="2">doi</subfield>
            <subfield code="a">10.1152/ajpcell.00105.2009</subfield>
        </datafield>
        <datafield tag="024" ind1="8" ind2=" ">
            <subfield code="2">sideral</subfield>
            <subfield code="a">89419</subfield>
        </datafield>
        <datafield tag="037" ind1=" " ind2=" ">
            <subfield code="a">ART-2014-89419</subfield>
        </datafield>
        <datafield tag="041" ind1=" " ind2=" ">
            <subfield code="a">spa</subfield>
        </datafield>
        <datafield tag="100" ind1=" " ind2=" ">
            <subfield code="a">Garatachea, N.</subfield>
        </datafield>
        <datafield tag="245" ind1=" " ind2=" ">
            <subfield code="a">El polimorfismo K153R del gen de la miostatina como gen candidato en la longevidad extrema de centenarias españolas</subfield>
        </datafield>
        <datafield tag="260" ind1=" " ind2=" ">
            <subfield code="c">2014</subfield>
        </datafield>
        <datafield tag="506" ind1="0" ind2=" ">
            <subfield code="a">Access copy available to the general public</subfield>
            <subfield code="f">Unrestricted</subfield>
        </datafield>
        <datafield tag="520" ind1="3" ind2=" ">
            <subfield code="a">El gen de la miostatina (MSTN) es uno de los genes candidatos que podría influir en la longevidad extrema, debido a su papel en la modulación de masa muscular y sarcopenia, además de su papel en la inhibición de la principal vía de señalización de nutrientes relacionada con la longevidad, mTOR (del inglés, ‘mammalian target-of-rapamycin’). Comparamos la distribución alélica/genotípica de las variantes exónicas de la MSTN K153R (rs1805086), E164K (rs35781413), I225T y P198A, en centenarias (casos, n=132; rango edad: 100-107) y mujeres jóvenes (controles, n=167, &amp;lt; 50 años). La frecuencia de la variante alélica R y de los portadores de este la misma (genotipos KR o RR) fue significativamente superior en centenarias (6.8% y 12.1%) que en controles (1.5% y 3.8%) (p=0.0008 y p=0.0022 respectivamente). La razón de verosimilitud (‘odds ratio’, abreviado ‘OR’) de ser un centenaria si el sujeto tiene un alelo-R fue 4.47 (con un intervalo de confianza del 95% (CI): 1.59-12.54; p=0.004), comparado con el grupo control. Aunque son necesarias nuevas investigaciones, el alelo variante R del polimorfismo MSTN K153R podría ser uno de los contribuidores genéticos asociados con excepcional longevidad.   The myostatin (MSTN) gene is a candidate to influence extreme longevity owing to its role in modulating muscle mass and sarcopenia, and especially in inhibiting the main nutrient-sensing pathway involved in longevity, i.e. mTOR (mammalian target-of-rapamycin). We compared allele/genotype distributions of the exonic MSTN variants K153R (rs1805086), E164K (rs35781413), I225T and P198A, in women centenarians (cases, n=132; age range: 100-107 years) and younger women adults (controls, n=167; age &lt; 50 years). The frequency of the variant R-allele and of R-allele carriers was significantly higher in centenarians (6.8% and 12.1%) than in controls (1.5% and 3.8%) (p=0.0008 and p=0.0022 respectively). The odds ratio (OR) of being a centenarian if the subject had the R allele was 4.47 (95% confidence interval (CI): 1.59-12.54 p=0.004), compared to the control group. Although more research is needed, the variant allele of the MSTN K153R polymorphism could be among the genetic contributors associated with exceptional longevity.</subfield>
        </datafield>
        <datafield tag="540" ind1=" " ind2=" ">
            <subfield code="9">info:eu-repo/semantics/openAccess</subfield>
            <subfield code="a">All rights reserved</subfield>
            <subfield code="u">http://www.europeana.eu/rights/rr-f/</subfield>
        </datafield>
        <datafield tag="655" ind1=" " ind2="4">
            <subfield code="a">info:eu-repo/semantics/article</subfield>
            <subfield code="v">info:eu-repo/semantics/publishedVersion</subfield>
        </datafield>
        <datafield tag="700" ind1=" " ind2=" ">
            <subfield code="a">Rodríguez-Romo, G.</subfield>
        </datafield>
        <datafield tag="700" ind1=" " ind2=" ">
            <subfield code="a">Santos-Lozano, A.</subfield>
        </datafield>
        <datafield tag="700" ind1=" " ind2=" ">
            <subfield code="a">Santiago-Dorrego, C.</subfield>
        </datafield>
        <datafield tag="700" ind1=" " ind2=" ">
            <subfield code="a">Yvert, T.</subfield>
        </datafield>
        <datafield tag="700" ind1=" " ind2=" ">
            <subfield code="a">Fiuza-Luces, C.</subfield>
        </datafield>
        <datafield tag="700" ind1=" " ind2=" ">
            <subfield code="a">Lucia, A.</subfield>
        </datafield>
        <datafield tag="773" ind1=" " ind2=" ">
            <subfield code="g">13, 2 (2014), [8 pp]</subfield>
            <subfield code="p">Kronos (Villaviciosa de Odón)</subfield>
            <subfield code="t">Kronos (Villaviciosa de Odón)</subfield>
            <subfield code="x">1579-5225</subfield>
        </datafield>
        <datafield tag="856" ind1="4" ind2=" ">
            <subfield code="s">260376</subfield>
            <subfield code="u">http://zaguan.unizar.es/record/71071/files/texto_completo.pdf</subfield>
            <subfield code="y">Versión publicada</subfield>
        </datafield>
        <datafield tag="856" ind1="4" ind2=" ">
            <subfield code="s">14827</subfield>
            <subfield code="u">http://zaguan.unizar.es/record/71071/files/texto_completo.jpg?subformat=icon</subfield>
            <subfield code="x">icon</subfield>
            <subfield code="y">Versión publicada</subfield>
        </datafield>
        <datafield tag="909" ind1="C" ind2="O">
            <subfield code="o">oai:zaguan.unizar.es:71071</subfield>
            <subfield code="p">articulos</subfield>
            <subfield code="p">driver</subfield>
        </datafield>
        <datafield tag="951" ind1=" " ind2=" ">
            <subfield code="a">2018-07-02-08:31:44</subfield>
        </datafield>
        <datafield tag="980" ind1=" " ind2=" ">
            <subfield code="a">ARTICLE</subfield>
        </datafield>
    </record>

    
</collection>